00263 a2200109 4500001000700000020000600007040001100013100001700024240005400041245004900095362000900144166295 a  cMagnum aKunz, Elenor10aTransformacao didatico-pedagogica do esportelpor10aTransformacao didatico-pedagogica do esporte0 a1899